000 01229nam a22002777a 4500
001 BD-DhSAU 8622
003 BD-DhSAU
005 20190109093918.0
008 150612b2007 bg a|||| m||| 00| 0 eng d
040 _aBD-DhSAU
082 _222
_a571.92
_bH7949
100 _aHossain, ASM Alams
_eRegistration no. # 06-02152
245 _aManagement of mungbean yellow mosaic through some selected chemicals botanicals and cultural treatments /
_bMS thesis
_c ASM Alams Hossain
260 _aSher-e-Bangla Agricultural Uniersity :
_bDepartment of Plant Pathology,
_c2007.
300 _aviii, 80 p. :
_bill. ;
_c30 cm.
500 _aMS thesis of Department of Plant Pathology, Faculty of Agriculture, Sher-e-Bangla Agricultural University, Dhaka, Bangladesh
504 _aIncludes bibliographical reference.
590 _aerfat
650 _aPlant Pathology
650 _aMangament of mungbean yellow mosaic.
650 _aBotanicals and cultural treatments.
700 _aAkhtar, Mrs Nasim
_eSuperviser
700 _aMuqit, Abdul
_eCo-superviser
856 _uhttp://archive.saulibrary.edu.bd:8080/xmlui/handle/123456789/167
942 _2ddc
_cTHESIS
999 _c8622
_d8622